|
|
|
|
| LEADER |
01109nam a2200265 a 4500 |
| 001 |
11927958 |
| 008 |
090512s2000 si a b 000 0 eng d |
| 010 |
|
|
|a \\\00028301
|
| 020 |
|
|
|a 9810229275
|
| 040 |
|
|
|a DLC
|c DLC
|d DLC
|
| 082 |
0 |
0 |
|a 621.8/1
|2 21
|
| 245 |
0 |
0 |
|a Applied nonlinear dynamics and chaos of mechanical systems with discontinuities /
|c editors, Marian Wiercigroch, Bram de Kraker.
|
| 260 |
|
|
|a Singapore ;
|a River Edge, NJ :
|b World Scientific,
|c 2000.
|
| 300 |
|
|
|a xv, 444 p. :
|b ill. ;
|c 23 cm.
|
| 490 |
|
0 |
|a World Scientific series in nonlinear science, Series A ;
|v vol. 28
|
| 504 |
|
|
|a Includes bibliographical references.
|
| 541 |
1 |
|
|e 00014632
|
| 650 |
|
0 |
|a Machinery, Dynamics of.
|
| 650 |
|
0 |
|a Nonlinear theories.
|
| 650 |
|
0 |
|a Chaotic behavior in systems.
|
| 700 |
1 |
|
|a Wiercigroch, Marian.
|
| 700 |
1 |
|
|a Kraker, Bram de.
|
| 852 |
4 |
|
|a Ayesha Abed Library
|j Generalshelf
|
| 999 |
|
|
|c 611
|d 611
|
| 952 |
|
|
|0 0
|1 0
|2 ddc
|4 0
|6 621_810000000000000_APP_2000
|7 0
|9 561
|a BRACUL
|b BRACUL
|c GEN
|d 2009-05-12
|g 0.00
|l 0
|o 621.81 APP
|p 3010014632
|r 2009-05-12
|t 1
|w 2009-05-12
|y BK
|x No price found in the accession register.
|